000 01740nam a2200313 a 4500
001 69019
003 BD-RjUL
005 20211209081836.0
008 170409s1987 nyuabf b 101 0 eng d
020 _a0471845116
040 _aBD-RjUL
_beng
_cBD-RjUL
041 _aeng
082 _223
_a551.69811
_bGEO 1987
245 0 4 _aThe Geophysiology of Amazonia :
_bvegetation and climate interactions /
_cRobert E. Dickinson, editor
260 _aNew York :
_bWiley for the United Nations University,
_cc1987
300 _axvii, 526, [2] p. :
_bill. ;
_c24 cm.
490 1 _aWiley series in climate and the biosphere
500 _aResults of the International Conference on Climatic, Biotic, and Human Interactions in the Humid Tropics with Emphasis on the Vegetation and Climate Interactions in Amazonia, convened by the United Nations University at the Instituto de Pesquisas Espaciais in São José dos Campos, Brazil, Feb. 25-Mar. 1, 1985
504 _aIncludes bibliographies and index
650 0 _aVegetation and climate
_zAmazon River Region
_xCongresses.
_9204483
650 0 _aBiogeochemical cycles
_zAmazon River Region
_xCongresses
_9204484
651 0 _aAmazon River Region
_xClimate
_xCongresses
_9204485
700 1 _aDickinson, Robert E.
_q(Robert Earl),
_d1940-
_9204486
710 2 _aUnited Nations University.
_9143672
711 2 _aInternational Conference on Climatic, Biotic, and Human Interactions in the Humid Tropics with Emphasis on the Vegetation and Climate Interactions in Amazonia
_d(1985 :
_cInstituto de Pesquisas Espaciais, São José dos Campos, São Paulo, Brazil)
_9204487
830 0 _aWiley series in climate and the biosphere
_9204488
830 0 _aWiley-Interscience publication
_9204489
942 _2ddc
_cBK
999 _c69019
_d69019